| 000 | 00596nam a2200205Ii 4500 | ||
|---|---|---|---|
| 003 | JO-AjNU | ||
| 008 | 230606s9999||||xx |||||||||||||| ||und|| | ||
| 020 | _a978-007-131071-0 | ||
| 040 |
_aJO-AjNU _beng _erda _cJO-AjNU |
||
| 041 | _aeng | ||
| 050 | 1 | 4 | _aQA303.H569.2013 |
| 100 | 3 |
_aHOFFMANN,BRADLEY, _eauthor _94459 |
|
| 245 | 0 | 0 | _aCalculus for Business Economics and the social and scienes |
| 264 | 3 | 1 | _aNewyork:Mcgraw hill,2013 |
| 300 | _a776p | ||
| 336 |
_atext _btxt _2rdacontent |
||
| 337 |
_aunmediated _bn _2rdamedia |
||
| 338 |
_avolume _bnc _2rdacarrier |
||
| 650 | 4 |
_aCalculus _94460 |
|
| 999 |
_aE2315 _c2313 _d2313 |
||